| 000 -CABECERA |
| campo de control de longitud fija |
00733nam a2200241 u 4500 |
| 001 - NÚMERO DE CONTROL |
| campo de control |
000057718 |
| 005 - FECHA Y HORA DE LA ÚLTIMA TRANSACCIÓN |
| campo de control |
20200120223731.0 |
| 008 - DATOS DE LONGITUD FIJA--INFORMACIÓN GENERAL |
| campo de control de longitud fija |
130625s2004 ck a gr 000 0 spa d |
| 020 ## - NÚMERO INTERNACIONAL ESTÁNDAR DEL LIBRO |
| Número Internacional Estándar del Libro |
9583011053 |
| 041 0# - CÓDIGO DE LENGUA |
| Código de lengua del texto/banda sonora o título independiente |
*spa |
| 043 ## - CÓDIGO DE ÁREA GEOGRÁFICA |
| Código de área geográfica |
s-ck--- |
| 090 ## - LOCALMENTE ASIGNADO TIPO-LC NÚMERO DE CLASIFICACIÓN (OCLC); NÚMERO DE CLASIFICACIÓN LOCAL (RLIN) |
| Número de clasificación (OCLC) (R) ; Numero de clasificación, CALL (RLIN) (NR) |
JN |
| Número cutter local (OCLC) ; Número de libro/Signatura topográfica íntegra, CALL (RLIN) |
VARJl |
| 100 1# - ENTRADA PRINCIPAL--NOMBRE DE PERSONA |
| Nombre de persona |
Vargas Vila, José María, |
| 245 10 - MENCIÓN DE TÍTULO |
| Título |
Lirio rojo : |
| Resto del título |
Eleonora, (novela de vida artística) / |
| Mención de responsabilidad, etc. |
José María Vargas Vila ; ilustraciones Jairo Linares. |
| 250 ## - MENCIÓN DE EDICIÓN |
| Mención de edición |
1a. ed. |
| 260 ## - PUBLICACIÓN, DISTRIBUCIÓN, ETC. |
| Lugar de publicación, distribución, etc. |
Bogotá : |
| Nombre del editor, distribuidor, etc. |
Panamericana, |
| Fecha de publicación, distribución, etc. |
2004. |
| 300 ## - DESCRIPCIÓN FÍSICA |
| Extensión |
238 p. : |
| Otras características físicas |
il. |
| 490 0# - MENCIÓN DE SERIE |
| Mención de serie |
Letras latinoamericanas |
| 500 ## - NOTA GENERAL |
| Nota general |
Incluye datos biográficos del autor |
| 650 17 - PUNTO DE ACCESO ADICIONAL DE MATERIA--TÉRMINO DE MATERIA |
| Término de materia o nombre geográfico como elemento de entrada |
Novela colombiana |
| Fuente del encabezamiento o término |
lemb |
| 650 27 - PUNTO DE ACCESO ADICIONAL DE MATERIA--TÉRMINO DE MATERIA |
| Término de materia o nombre geográfico como elemento de entrada |
Novela amorosa |
| Fuente del encabezamiento o término |
lemb |
| 700 1# - PUNTO DE ACCESO ADICIONAL--NOMBRE DE PERSONA |
| Nombre de persona |
Linares, Jairo |
| Término indicativo de función/relación |
il. |